03656nam a22003498i 4500001001900000003000600019005001700025008004100042020001800083035002100101035002600122035001800148035002400166040003800190041000800228050002500236100004300261245007800304260006100382300007500443500003200518520233900550650005202889650005202941650004102993650005903034650005703093700003603150942000803186952009703194999001503291990230475060107026UkOxU20250514092349.0200206r20202019vtua 000|0|eng|d a9781603589840 a(UkOxU)023047506 a(UkOxU)023047506BIB01 a(Uk)019710799 a(StEdALDL)1/3914189 aStDuBDSbengerdacStDuBDSdUkOxU aeng aTD171.75 b.B38 2019 aBates, Albert K.d1947-eauthor92521910aBurnb: using fire to cool the earthc/ Albert Bates and Kathleen Draper. aWhite River Junction :bChelsea Green Publishing,c2020. a277 pages :billustrations, tables, charts (black and white) ;c23 cm. aOriginally published: 2019. aIn order to rescue ourselves from climate catastrophe, we need to radically alter how humans live on Earth. We have to go from spending carbon to banking it. We have to put back the trees, wetlands, and corals. We have to regrow the soil and turn back the desert. We have to save whales, wombats, and wolves. We have to reverse the flow of greenhouse gases and send them in exactly the opposite direction: down, not up. We have to flip the carbon cycle and run it backwards. For such a revolutionary transformation we’ll need civilization 2.0. A secret unlocked by the ancients of the Amazon for its ability to transform impoverished tropical soils into terra preta—fertile black earths—points the way. The indigenous custom of converting organic materials into long lasting carbon has enjoyed a reawakening in recent decades as the quest for more sustainable farming methods has grown. Yet the benefits of this carbonized material, now called biochar, extend far beyond the soil. Pyrolyzing carbon has the power to restore a natural balance by unmining the coal and undrilling the oil and gas. Employed to its full potential, it can run the carbon cycle in reverse and remake Earth as a garden planet. Burn looks beyond renewable biomass or carbon capture energy systems to offer a bigger and bolder vision for the next phase of human progress, moving carbon from wasted sources: into soils and agricultural systems to rebalance the carbon, nitrogen, and related cycles; enhance nutrient density in food; rebuild topsoil; and condition urban and agricultural lands to withstand flooding and drought; to cleanse water by carbon filtration and trophic cascades within the world’s rivers, oceans, and wetlands; to shift urban infrastructures such as buildings, roads, bridges, and ports, incorporating drawdown materials and components, replacing steel, concrete, polymers, and composites with biological carbon; to drive economic reorganization by incentivizing carbon drawdown. Fully developed, this approach costs nothing—to the contrary, it can save companies money or provide new revenue streams. It contains the seeds of a new, circular economy in which energy, natural resources, and human ingenuity enter a virtuous cycle of improvement. Burn offers bold new solutions to climate change that can begin right now. 0aClimate change mitigationvPopular works925220 0aCarbon dioxide mitigationvPopular works925221 0aBiomass energyvPopular works925222 0aClimatic changesxSocial aspectsvPopular works925223 0aGlobal warmingxSocial aspectsvPopular works925224 aDraper, Kathleeneauthor925225 2lcc 00102lcc4070aTBSbTBSd2025-05-14l0oTD171.75 BATpB05774r2025-05-14t1w2025-05-14y1 c4660d4660